[Event "Florence op"]
[Site "Florence"]
[Date "2012.10.06"]
[Round "2"]
[White "Parpinel, Marco"]
[Black "Naumkin, Igor"]
[Result "0-1"]
[WhiteElo "2157"]
[BlackElo "2443"]
[PlyCount "74"]
[EventDate "2012.10.05"]
[EventType "swiss"]
[EventRounds "5"]
[EventCountry "ITA"]
[SourceTitle "CBM 150 Extra"]
[Source "ChessBase"]
[SourceDate "2012.10.19"]
[SourceVersion "1"]
[SourceVersionDate "2012.10.19"]
[SourceQuality "1"]

1. e4 e6 2. d4 d5 3. Nc3 Nf6 4. exd5 exd5 5. Bd3 c5 6. Qe2+ Be7 7. Bb5+ Nc6 8. Nf3 0-0 9. Bxc6 bxc6 10. Be3 cxd4 11. Nxd4 Bd7 12. Nb3 c5 13. Bg5 d4 14. Bxf6 Bxf6 15. Ne4 Be7 16. 0-0 Qb6 17. Rfe1 Rfe8 18. c3 Rad8 19. cxd4 cxd4 20. Red1 Bc6 21. Ng3 g6 22. Qd3 Ba8 23. Kh1 a5 24. Qc4 h5 25. f3 h4 26. Ne4 h3 27. Rxd4 hxg2+ 28. Kxg2 Rc8 29. Qd3 Bf8 30. Rf1 Rc6 31. Nbd2 Qxb2 32. Rb1 Qa3 33. Rb3 Qe7 34. Rd7 Qe5 35. Rd5 Qf4 36. Rg5 Rd6 37. Qe2 Qxg5+ 0-1

[Event "Mare di Fano op 1st"]
[Site "Fano"]
[Date "2012.08.05"]
[Round "9"]
[White "Parpinel, Marco"]
[Black "Varvaglione, Antonio"]
[Result "1-0"]
[WhiteElo "2159"]
[BlackElo "2011"]
[PlyCount "49"]
[EventDate "2012.07.30"]
[EventType "swiss"]
[EventRounds "9"]
[EventCountry "ITA"]
[SourceTitle "EXT 2015"]
[Source "ChessBase"]
[SourceDate "2014.11.20"]
[SourceVersion "1"]
[SourceVersionDate "2014.11.20"]
[SourceQuality "1"]

1. e4 d6 2. Nc3 Nf6 3. d4 e5 4. Nf3 Nbd7 5. Bc4 Be7 6. h3 0-0 7. Be3 c6 8. a4 b6 9. 0-0 a6 10. Qe2 Bb7 11. dxe5 dxe5 12. Rfd1 Qc7 13. Nh4 b5 14. Nf5 Nc5 15. b4 Ncxe4 16. Nxe4 Nxe4 17. Qg4 Bf6 18. Rd7 h5 19. Rxc7 hxg4 20. Bd3 Nc3 21. Rxb7 e4 22. Bf1 Ne2+ 23. Bxe2 Bxa1 24. axb5 axb5 25. Ne7+ 1-0

[Event "Mare di Fano op 1st"]
[Site "Fano"]
[Date "2012.08.01"]
[Round "4"]
[White "Parpinel, Marco"]
[Black "Pulito, Alberto"]
[Result "1/2-1/2"]
[WhiteElo "2159"]
[BlackElo "2252"]
[PlyCount "52"]
[EventDate "2012.07.30"]
[EventType "swiss"]
[EventRounds "9"]
[EventCountry "ITA"]
[SourceTitle "EXT 2015"]
[Source "ChessBase"]
[SourceDate "2014.11.20"]
[SourceVersion "1"]
[SourceVersionDate "2014.11.20"]
[SourceQuality "1"]

1. e4 d6 2. Nc3 Nf6 3. f4 e5 4. Nf3 Nbd7 5. Bc4 Be7 6. 0-0 c6 7. d3 b5 8. Bb3 0-0 9. a3 a5 10. Kh1 exf4 11. Bxf4 Nc5 12. Ba2 Ne6 13. Be3 b4 14. Ne2 d5 15. Ng3 Ba6 16. Ne5 Qc7 17. Nf5 Bd8 18. Ng4 bxa3 19. bxa3 Kh8 20. Rb1 g6 21. Bb6 Qc8 22. Nxf6 gxf5 23. Rxf5 Ng7 24. Bd4 Nxf5 25. Qh5 Bxf6 26. Bxf6+ Ng7 1/2-1/2

[Event "Mare di Fano op 1st"]
[Site "Fano"]
[Date "2012.07.30"]
[Round "1"]
[White "Parpinel, Marco"]
[Black "Mazzarini, Daniele"]
[Result "1-0"]
[WhiteElo "2159"]
[BlackElo "1905"]
[PlyCount "67"]
[EventDate "2012.07.30"]
[EventType "swiss"]
[EventRounds "9"]
[EventCountry "ITA"]
[SourceTitle "EXT 2015"]
[Source "ChessBase"]
[SourceDate "2014.11.20"]
[SourceVersion "1"]
[SourceVersionDate "2014.11.20"]
[SourceQuality "1"]

1. e4 c6 2. d4 d5 3. e5 Bf5 4. Nc3 e6 5. g4 Bg6 6. Nge2 c5 7. h4 h6 8. Be3 Nd7 9. f4 h5 10. f5 exf5 11. g5 cxd4 12. Nxd4 a6 13. Nxd5 Qa5+ 14. Nc3 Qxe5 15. Qf3 f4 16. Qxf4 Qxf4 17. Bxf4 Bb4 18. 0-0-0 Ne7 19. Bg2 Nc5 20. Bd6 Nd3+ 21. cxd3 Bxd6 22. Bxb7 Ra7 23. Be4 0-0 24. Kb1 Be5 25. Bxg6 Bxd4 26. Bxh5 Rb8 27. Na4 Rb4 28. b3 Rab7 29. Bf3 Rb8 30. Rhe1 Rxa4 31. Rxe7 Rxb3+ 32. axb3 Ra1+ 33. Kc2 Ra2+ 34. Kc1 1-0

[Event "ITA-chT"]
[Site "Arvier"]
[Date "2012.04.30"]
[Round "5"]
[White "Parpinel, Marco"]
[Black "Collutiis, Duilio"]
[Result "0-1"]
[WhiteElo "2157"]
[BlackElo "2493"]
[PlyCount "58"]
[EventDate "2012.04.27"]
[EventType "team-swiss"]
[EventRounds "7"]
[EventCountry "ITA"]
[SourceTitle "CBM 148 Extra"]
[Source "ChessBase"]
[SourceDate "2012.06.22"]
[SourceVersion "1"]
[SourceVersionDate "2012.06.22"]
[SourceQuality "1"]
[WhiteTeam "Latina"]
[BlackTeam "Padova Obiettivo"]
[WhiteTeamCountry "ITA"]
[BlackTeamCountry "ITA"]

1. e4 c5 2. Nf3 Nc6 3. Bb5 e6 4. 0-0 Nge7 5. Re1 Ng6 6. c3 Be7 7. d4 cxd4 8. cxd4 d5 9. Nc3 0-0 10. exd5 exd5 11. h3 Bf5 12. Be3 Rc8 13. Rc1 Na5 14. Ne5 a6 15. Bf1 Nc6 16. Qh5 Be6 17. Nxc6 Rxc6 18. Bd3 f5 19. Ne2 Rxc1 20. Bxc1 Bb4 21. Bg5 Qd7 22. Rc1 Bd6 23. Bd2 f4 24. Nc3 Bf5 25. Bxf5 Rxf5 26. Qg4 Qf7 27. Re1 f3 28. gxf3 h5 29. Qg2 Nh4 0-1

[Event "Porto San Giorgio op-A 21st"]
[Site "Porto San Giorgio"]
[Date "2009.08.23"]
[Round "3"]
[White "Kovchan, Alexander"]
[Black "Parpinel, Marco"]
[Result "1-0"]
[WhiteElo "2554"]
[BlackElo "2165"]
[PlyCount "103"]
[EventDate "2009.08.21"]
[EventType "swiss"]
[EventRounds "9"]
[EventCountry "ITA"]
[SourceTitle "CBM 131 Extra"]
[Source "ChessBase"]
[SourceDate "2009.09.03"]
[SourceVersion "2"]
[SourceVersionDate "2009.09.16"]
[SourceQuality "1"]

1. e4 e5 2. Nf3 Nc6 3. d4 exd4 4. Nxd4 Bb4+ 5. c3 Bc5 6. Nxc6 bxc6 7. Bd3 Nf6 8. 0-0 d6 9. Nd2 0-0 10. Nb3 Bb6 11. h3 h6 12. Qf3 Re8 13. Nd4 c5 14. Nf5 Bxf5 15. Qxf5 c4 16. Bxc4 Rxe4 17. Bd3 Re5 18. Qf3 Rb8 19. Bf4 Re8 20. Rae1 Nd7 21. Bc2 Qf6 22. Qd3 Nf8 23. Bg3 Qg6 24. Qxg6 Nxg6 25. Ba4 Rxe1 26. Rxe1 Kf8 27. Kf1 Ne7 28. Bf4 g5 29. Bc1 Ng6 30. Rd1 Kg7 31. b3 f5 32. b4 a5 33. Bb3 f4 34. a3 Re8 35. Bd5 Ne5 36. Bb2 Kf8 37. c4 Ng6 38. Bc3 axb4 39. axb4 Ne7 40. Bf3 Rd8 41. c5 Ba7 42. Ra1 Bb8 43. c6 d5 44. b5 d4 45. Bb4 Kf7 46. Ra8 d3 47. Ke1 Ke6 48. Kd2 Ng6 49. Bg4+ Kf6 50. Bc3+ Ne5 51. Bd7 h5 52. Ra4 1-0

[Event "Verona op 15th"]
[Site "Verona"]
[Date "2009.04.11"]
[Round "7"]
[White "Parpinel, Marco"]
[Black "Panjkovic, Aleksandar"]
[Result "1-0"]
[WhiteElo "2148"]
[BlackElo "2118"]
[PlyCount "27"]
[EventDate "2009.04.07"]
[EventType "swiss"]
[EventRounds "9"]
[EventCountry "ITA"]
[SourceTitle "CBM 129 Extra"]
[Source "ChessBase"]
[SourceDate "2009.05.05"]
[SourceVersion "2"]
[SourceVersionDate "2009.05.20"]
[SourceQuality "1"]

1. e4 d5 2. exd5 Qxd5 3. Nc3 Qd6 4. d4 Nf6 5. Nf3 a6 6. Be2 Nc6 7. 0-0 Bf5 8. Na4 0-0-0 9. c3 e5 10. Be3 Ng4 11. Ng5 Nxe3 12. fxe3 Qg6 13. Rxf5 Kb8 14. e4 1-0

[Event "Rome op"]
[Site "Rome"]
[Date "2007.11.02"]
[Round "6"]
[White "Parpinel, Marco"]
[Black "Bove, Alessandro"]
[Result "1/2-1/2"]
[WhiteElo "2137"]
[BlackElo "2195"]
[PlyCount "25"]
[EventDate "2007.10.29"]
[EventType "swiss"]
[EventRounds "9"]
[EventCountry "ITA"]
[SourceTitle "EXT 2009"]
[Source "ChessBase"]
[SourceDate "2008.11.26"]
[SourceVersion "1"]
[SourceVersionDate "2008.11.26"]
[SourceQuality "1"]

1. e4 Nf6 2. e5 Nd5 3. Nc3 Nb6 4. a4 a5 5. d4 d6 6. f4 g6 7. Nf3 Bg7 8. Bb5+ c6 9. Be2 Na6 10. 0-0 Nb4 11. Ne1 0-0 12. Kh1 Be6 13. Nd3 1/2-1/2

[Event "Rome op"]
[Site "Rome"]
[Date "2007.10.30"]
[Round "2"]
[White "Parpinel, Marco"]
[Black "Quimi, Marco"]
[Result "1/2-1/2"]
[WhiteElo "2137"]
[BlackElo "2271"]
[PlyCount "97"]
[EventDate "2007.10.29"]
[EventType "swiss"]
[EventRounds "9"]
[EventCountry "ITA"]
[SourceTitle "EXT 2009"]
[Source "ChessBase"]
[SourceDate "2008.11.26"]
[SourceVersion "1"]
[SourceVersionDate "2008.11.26"]
[SourceQuality "1"]

1. e4 c5 2. a3 g6 3. d4 cxd4 4. c3 d3 5. Bxd3 Nc6 6. Nf3 Bg7 7. 0-0 Nf6 8. Bg5 0-0 9. Qc1 Re8 10. c4 d6 11. h3 Be6 12. Bh6 Na5 13. Bxg7 Kxg7 14. Nbd2 Rc8 15. Nd4 a6 16. Nxe6+ fxe6 17. Qe1 e5 18. Kh2 Qb6 19. b4 Nc6 20. Qe3 Qxe3 21. fxe3 a5 22. Rfb1 b6 23. Bc2 axb4 24. axb4 Ra8 25. Ba4 Rec8 26. Bxc6 Rxa1 27. Rxa1 Rxc6 28. Ra7 Kf7 29. Rb7 Rc8 30. Rxb6 Ra8 31. b5 Ra2 32. Nb3 Nxe4 33. Ra6 Rb2 34. Ra3 Ke6 35. b6 Nc5 36. Nxc5+ dxc5 37. Ra6 Kf5 38. Kg3 Ke4 39. Ra5 Rxb6 40. Rxc5 Rf6 41. Ra5 Rc6 42. Ra7 Kxe3 43. Rxe7 e4 44. Rxh7 Ke2 45. Rd7 e3 46. c5 Rxc5 47. Re7 Rg5+ 48. Kh4 Rxg2 49. Rxe3+ 1/2-1/2

[Event "Rome Accademia op"]
[Site "Rome"]
[Date "2007.02.04"]
[Round "4"]
[White "Quimi, Marco"]
[Black "Parpinel, Marco"]
[Result "0-1"]
[WhiteElo "2289"]
[BlackElo "2097"]
[PlyCount "64"]
[EventDate "2007.02.02"]
[EventType "swiss"]
[EventRounds "5"]
[EventCountry "ITA"]
[SourceTitle "EXT 2008"]
[Source "ChessBase"]
[SourceDate "2007.11.25"]
[SourceVersion "1"]
[SourceVersionDate "2007.11.25"]
[SourceQuality "1"]

1. e4 Nc6 2. d4 d5 3. e5 f6 4. f4 Bf5 5. Nf3 e6 6. c3 Be4 7. Be2 f5 8. Nbd2 Nh6 9. 0-0 Be7 10. Qb3 a6 11. Nxe4 fxe4 12. Ng5 Qd7 13. Qxb7 0-0 14. Qb3 Na5 15. Qc2 c5 16. Bd2 cxd4 17. cxd4 Rfc8 18. Qd1 Nc6 19. Bc3 Nf5 20. Rf2 h6 21. g4 Nfxd4 22. Nh3 Nxe2+ 23. Qxe2 Bc5 24. Rd1 Qb7 25. g5 d4 26. Be1 Ne7 27. gxh6 d3 28. Qg4 Nf5 29. Ng5 e3 30. Nxe6 exf2+ 31. Bxf2 Bxf2+ 32. Kxf2 Qb6+ 0-1

[Event "Rome Accademia op"]
[Site "Rome"]
[Date "2007.02.02"]
[Round "1"]
[White "Parpinel, Marco"]
[Black "Proietti, Giorgio"]
[Result "1-0"]
[WhiteElo "2097"]
[BlackElo "1881"]
[PlyCount "73"]
[EventDate "2007.02.02"]
[EventType "swiss"]
[EventRounds "5"]
[EventCountry "ITA"]
[SourceTitle "EXT 2008"]
[Source "ChessBase"]
[SourceDate "2007.11.25"]
[SourceVersion "1"]
[SourceVersionDate "2007.11.25"]
[SourceQuality "1"]

1. e4 e6 2. Nf3 d5 3. e5 c5 4. b4 cxb4 5. d4 Nc6 6. a3 Qc7 7. axb4 Bxb4+ 8. c3 Be7 9. Bd3 f6 10. Bf4 f5 11. h4 Bd7 12. g4 fxg4 13. Ng5 Nh6 14. Nxh7 0-0-0 15. Bxh6 gxh6 16. Qxg4 Rhg8 17. Qf4 h5 18. Nd2 Rg4 19. Qf7 Nxe5 20. dxe5 Qxe5+ 21. Kd1 Bxh4 22. Nf3 Qf4 23. Qxf4 Rxf4 24. Nxh4 Rxf2 25. Rf1 Rxf1+ 26. Bxf1 a6 27. Be2 Rg8 28. Kd2 e5 29. Nf6 Rh8 30. Nxd5 Bg4 31. Ng6 Rd8 32. Nge7+ Kb8 33. Bxg4 hxg4 34. Rg1 Rh8 35. Rxg4 Rf8 36. Ke3 b5 37. Rg7 1-0

[Event "ITA-ch U20 26th"]
[Site "Bratto"]
[Date "2003.08.25"]
[Round "5"]
[White "Parpinel, Marco"]
[Black "Stromboli, Carlo"]
[Result "0-1"]
[WhiteElo "1606"]
[BlackElo "1744"]
[PlyCount "112"]
[EventDate "2003.08.21"]
[EventType "swiss"]
[EventRounds "9"]
[EventCountry "ITA"]
[SourceTitle "EXT 2007"]
[Source "ChessBase"]
[SourceDate "2006.11.23"]
[SourceVersion "1"]
[SourceVersionDate "2006.11.23"]
[SourceQuality "1"]

1. e4 e5 2. f4 exf4 3. Nf3 Nf6 4. e5 Nd5 5. Bc4 Nb6 6. Bb3 c5 7. d3 d5 8. exd6 Bxd6 9. Qe2+ Qe7 10. Qxe7+ Bxe7 11. Bxf4 Nc6 12. 0-0 0-0 13. Nc3 Bg4 14. Ne5 Nxe5 15. Bxe5 Rad8 16. Rae1 c4 17. dxc4 Bc5+ 18. Kh1 Be6 19. Ne4 Be7 20. c5 Nc4 21. Bd6 Bxd6 22. cxd6 Nxd6 23. Nxd6 Rxd6 24. Bxe6 fxe6 25. Rxf8+ Kxf8 26. Kg1 Rd2 27. Rf1+ Ke7 28. Rf2 Rd5 29. Re2 a5 30. Kf2 b5 31. Ke1 Kd6 32. Rd2 Ke5 33. Rxd5+ exd5 34. Ke2 Ke4 35. Kd2 b4 36. Ke2 a4 37. Kd2 h6 38. h3 g5 39. g4 Kd4 40. a3 bxa3 41. bxa3 Kc4 42. Kd1 Kc3 43. Kc1 d4 44. Kb1 d3 45. cxd3 Kxd3 46. Kb2 Kd2 47. h4 gxh4 48. g5 hxg5 49. Kb1 h3 50. Kb2 h2 51. Kb1 h1R+ 52. Kb2 Rg1 53. Ka2 Ra1+ 54. Kxa1 Kc2 55. Ka2 g4 56. Ka1 g3 0-1